00332nam a2200133Ia 4500008004100000020001600041041001200057082001600069100001300085245005400098260002900152300000900181650000800190221030s9999 xx 000 0 und d a81765660101 aEnglish a105.23bLot aM. Lotia 0aModern IC Data & Substitution Manualcby M. Lotia bBPB PubaNew Delhic2002 a1182 aECE